F1 Ultimate Trivia - Statistics

General Stats
  • This quiz has been taken 117 times
  • The average score is 8 of 15
Answer Stats
Hint Answer % Correct
1. German F1 driver with 7 WDCs Michael Schumacher
100%
3. Finnish driver nicknamed the Iceman Kimi Raikkonen
90%
4. This driver tragically finished second in the 2008 WDC Felipe Massa
75%
6. This driver won in Monza qualifying P10, and that is the only race win in his career Pierre Gasly
73%
11. This F1 driver nicknames HIMSELF the Phoenix. He retired in 2020 and moved to IndyCar. Romain Grosjean
59%
15. And who won the 2020 Sakhir Grand Prix? Sergio Perez
58%
13. Many time WDC winner that became Team Principal of his own team in 1997-2000 Alain Prost
56%
8. This driver's only race wins are in Hungary and Azerbaijian Oscar Piastri
56%
7. Driver recognised as one of the greatest to never win the WDC, raced during 1951-61 Stirling Moss
51%
9. Teams this driver has raced for: Williams, Force India, Sauber, Renault, Racing Point, Aston Martin, Haas Nico Hulkenberg
50%
5. Driver that was once teammates with Schumacher, Button and Hulkenberg Rubens Barrichello
49%
12. F1 driver with most races for McLaren David Coulthard
35%
2. Which driver was Sergio Perez's first teammate in Sauber? Kamui Kobayashi
33%
14. First name of Emerson Fittipaldi's son, he raced for Haas in 2020 in the Sakhir Grand Prix Pietro Fittipaldi
33%
10. This F1 driver is the first ever winner of the Anthoine Hubert Award, also equivalent to the "highest-placed driver in their first Formula 2 season" --> The first award was presented in 2019 Zhou Guanyu
14%
No matching quizzes found
Score Distribution
Percent of People with Each Score
Percentile by Number Answered
Your Score History
You have not taken this quiz